000 00562nam a2200181Ia 4500
008 151018s9999 xx 000 0 und d
082 _bRBASDV9406
_a891.463
100 _aधुमकेतू
245 _aभावी भारत सम्राट
250 _b1
260 _bवोरा अड कंपनी
_c1969
300 _a128
600 _aधुमकेतू
630 _aभावी भारत सम्राट
700 _aधुमकेतू
730 _aभावी भारत सम्राट
942 _cBOOK
999 _c1011770
_d1011767